000 01412nam a2200349Ia 4500
001 ebr10438086
003 CaPaEBR
006 m u
007 cr cn|||||||||
008 100627s2009 enk sb 000 0 eng d
020 _z9781849280020
020 _z9781849280037
040 _aCaPaEBR
_cCaPaEBR
035 _a(OCoLC)609854802
050 1 4 _aHF5549.5.C53
_bC66 2009eb
082 0 4 _a658.3/124
_222
100 1 _aCook, Sarah.
245 1 0 _aCoaching for high performance
_h[electronic resource] :
_bhow to develop exceptional results through coaching /
_cSarah Cook.
260 _aEly, U.K. :
_bIT Governance Pub.,
_c2009.
300 _a125 p.
490 1 _aSoft skills for IT professionals
504 _aIncludes bibliographical references.
533 _aElectronic reproduction.
_bPalo Alto, Calif. :
_cebrary,
_d2011.
_nAvailable via World Wide Web.
_nAccess may be limited to ebrary affiliated libraries.
650 0 _aEmployees
_xCoaching of.
650 0 _aOrganizational effectiveness.
650 0 _aElectronic data processing departments
_xPersonnel management.
650 0 _aElectronic data processing departments
_xManagement.
655 7 _aElectronic books.
_2local
710 2 _aebrary, Inc.
830 0 _aSoft skills for IT professionals.
856 4 0 _uhttp://site.ebrary.com/lib/rucke/Doc?id=10438086
_zAn electronic book accessible through the World Wide Web; click to view
999 _c133223
_d133223